Kevin James Filmography - Statistics

General Stats
  • This quiz has been taken 147 times
    26 since last reset
  • The average score is 33 of 61
Answer Stats
Type Year Name % Correct
TV Show 1998-2007 The King of Queens
100%
Film 2010 Grown Ups
86%
Film 2013 Grown Ups 2
86%
Film 2007 I Now Pronounce You Chuck & Larry
79%
Film 2009 Paul Blart: Mall Cop
79%
Film 2011 Zookeeper
79%
TV Show 1996, 1998-1999 Everybody Loves Raymond
71%
Film 2012 Here Comes the Boom
71%
Film 2012 Hotel Transylvania
71%
Film 2015 Hotel Transylvania 2
71%
Film 2018 Hotel Transylvania 3: Summer Vacation
71%
Film 2015 Paul Blart: Mall Cop 2
71%
Film 2004 50 First Dates
64%
Film 2020 Becky
64%
Film 2020 Hubie Halloween
64%
TV Show 2016-2018 Kevin Can Wait
64%
Film 2017 Sandy Wexler
64%
Film 2006 Barnyard
57%
Video Game 2006 Barnyard
57%
TV Show 1998 Cosby
57%
Film 2025 Guns Up
57%
Film 2015 Pixels
57%
Film 2011 The Dilemma
57%
Short Film 2021 All In
50%
Film 2005 Hitch
50%
Film 2022 Home Team
50%
Stand-Up Special 2018 Kevin James: Never Don't Give Up
50%
Film 2006 Monster House
50%
Film 2024 Monster Summer
50%
Short Film 2020 Nature Planet
50%
Award Show 2010 Nickelodeon Kids' Choice Awards 2010
50%
Film TBA Playdate
50%
Film 2026 Solo Mio
50%
Film 2016 True Memoirs of an International Assassin
50%
Film 2008 You Don't Mess with the Zohan
50%
TV Show 2001 Arli$$
43%
TV Film 2007 Elmo's Christmas Countdown
43%
Web Mini-Series 2020 Hopes & Dreams
43%
Short Film 2020 I Miss Baseball
43%
Stand-Up Special 2024 Kevin James: Irregardless
43%
Stand-Up Special 2001 Kevin James: Sweat the Small Stuff
43%
Film 2015 Little Boy
43%
TV Show 2015 Liv and Maddie
43%
Short Film 2020 Looking for My Grandma's Bird
43%
TV Show 1999 Martial Law
43%
Short Film 2020 My Living Nightmare
43%
TV Short 1995 Nowhere Fast
43%
Film 2002 Pinocchio
43%
TV Mini-Series 2020 Sound Guy
43%
Short Film 2021 Sound Guy Gets Intimate with Kevin James
43%
Award Show 2001 The 27th Annual People's Choice Awards
43%
Award Show 2002 The 28th Annual People's Choice Awards
43%
Web Series 2021 The Crew
43%
Short Film 2020 You've Got Something There
43%
TV Show 1999 Becker
36%
TV Show 2000 Funny Flubs & Screw-Ups
36%
TV Show 2003 Just for Laughs
36%
Short Film 2015 Paul Blart: Mall Cop 2: No Animals Were Harmed
36%
TV Show 2002 Reel Comedy
36%
TV Show 1992, 1994 An Evening at the Improv
29%
TV Show 1999-2001 Hollywood Squares
29%
No matching quizzes found
Score Distribution
Percent of People with Each Score
Percentile by Number Answered
Your Score History
You have not taken this quiz since the last reset